Open Data Biblioteca Nacional de Portugal


República Portuguesa: Ministério da Cultura
Biblioteca Nacional de Portugal

Catálogo da BNP: acesso por Identificadores Unívocos
Registos Bibliográficos associados ao registo de autoridade

Etiqueta de registo: 00000nam 2200025 450
001 1993024
003 http://id.bnportugal.gov.pt/bib/catbnp/1993024
100 ## $a20180619d1885 k y0pory01030103ba
101 0# $afre
102 ## $aFR
106 ## $ar
200 1# $aTraité clinique du diagnostic des maladies de l'encéphale$ebasé sur l'étude des localisations
210 #9 $aParis$cAdrien Delahaye etÉmile Lecrosnier,$d1885
215 ## $aXXI, 676 p.
317 ## $aAssociação Protetora dos Diabéticos de Portugal$5PTBN: S.A. 182539 V.
317 ## $aBiblioteca de António Lencastre$5PTBN: S.A. 182539 V.
675 ## $a616.831(035)$vBN$zpor$31506399
675 ## $a611.81(035)$vBN$zpor$31861637
675 ## $a612.82(035)$vBN$zpor$31222150
700 #1 $aNothnagel,$bHermann, $f1841-1905$31172462
701 #1 $aKéraval,$bPaul,$f1852-1923$4070$31734624
801 #0 $aPT$bBN$gRPC
966 ## $lBN$mFGMON$pBiblioteca António Lencastre$sS.A. 182539 V.$x3
973 ## $cigoulao$d20221019

OpendataBNP@bnportugal.pt | Mais informação sobre acesso aos dados BNP